Pieniny w kulturze polskiej

Titel: Pieniny w kulturze polskiej : Zarys problematyki
Verfasser:
In: Litteraria, Band 37 (2009), Seite 95-122, sum
alle Artikel anzeigen
Veröffentlicht: 2009
Format: Aufsatz
Sprache: Polnisch
Kein Bild verfügbar
X
alg: 39412008
001A    $01999:12-11-16 
001B    $01999:29-05-21 $t17:44:54.000 
001C    $06050:19-11-16 $t08:56:44.000 
001D    $01999:12-11-16 
001U    $0utf8 
001X    $00 
002@    $0Aox 
003@    $0394120086 
007A    $0394120086 $aHEB 
007T    $0Herdkk00023321 
010@    $apol 
011@    $a2009 
021A    $aPieniny w kulturze polskiej $dZarys problematyki 
028A    $7124891446 $8Kolbuszewski, Jacek$Z1938- [Tp1] $9155488384 
031A    $d37 $h95-122, sum $j2009 
037A    $aXIX-XX w.  
039B    $aIn $8--Abvc--. Litteraria. - Wrocław : Wydawn. WTN, 1969-. - ISSN 0084-3008 $x200900000370000905 $9047344253 
045F    $a709.4373 $eDDC23BSB 
045F/01 $a709 
045F/03 $g4373 
045F/03 $g438 
045T    $aAVL $qDE-30 $2FID 
045T    $a7,39 $a7,12 

lok: 39412008 78

exp: 39412008 78 1 #EPN
201B/01 $018-11-16 $t10:40:23.000 
201U/01 $0utf8 
203@/01 $0790230593 
208@/01 $a12-11-16 $be 
209A/01 $a/ $f000 $x00 
220C/01 $aTitelaufnehmer: pbb 
220C/01 $aHerkunft: PBB/IH PAN 
220C/01 $aAnmerkung: *uA 
244Z/01 $2Trx $#Poola $#Lenkija $#Polija $#Polen Land $#Poland $#Lengyelország $#Poľsko $#Polsko $8--Trx--Polska$gkraj $x01 $9391345966 
244Z/01 $2Trx $#Slowakische Republik $#Szlovák Köztársaság $#Republika Słowacka $#Slovenská Republika $#Slovensko $#Slowakei $#Słowacja $#Slovensko $8--Trx--Slovenská Republika $x02 $9391345796 
244Z/01 $2Trx $#Pieninen $8--Trx--Pieniny $x03 $9391247700 
244Z/01 $2Trx $8--Trx--Zeitschriftenaufsatz $x04 $9391384341 
245Z/01 $a11.10 $x01 
247C/01 $82080>Marburg/Lahn, Herder-Institut, Forschungsbibliothek, Bibliographieportal $9336309341
LEADER 00000caa a22000002c 4500
001 394120086
003 DE-603
005 20210529174454.0
007 tu
008 161112s2009 xx |||| | u00||u|pol c
035 |a (DE-599)HEB394120086 
040 |a DE-603  |b ger  |c DE-603  |d DE-603 
041 |a pol 
082 0 4 |8 1\u  |a 709.4373  |q DE-101  |2 23/BSB 
084 |a AVL  |q DE-30  |2 fid 
084 |a 7,39  |a 7,12  |2 ssgn 
085 |8 1\u  |b 709 
085 |8 1\u  |z 2  |s 4373 
085 |8 1\u  |z 2  |s 438 
100 1 |a Kolbuszewski, Jacek  |d 1938-  |0 (DE-603)155488384  |0 (DE-588)124891446  |2 gnd 
245 0 0 |a Pieniny w kulturze polskiej  |b Zarys problematyki 
264 0 |c 2009 
500 |a XIX-XX w. <pol> 
773 0 8 |i In  |t Litteraria  |d Wrocław : Wydawn. WTN, 1969-  |x 0084-3008  |g Band 37 (2009), Seite 95-122, sum  |w (DE-603)047344253  |w (DE-600)216021-3 
924 0 |9 2080  |a (DE-603)790230593  |b DE-2080  |c HES  |d d  |g /